| 000 | 01045ngm a2200265 a 4500 | ||
|---|---|---|---|
| 005 | 20220317001257.0 | ||
| 008 | 160825s1983 ck g 000 0 spa | ||
| 082 | 0 | 4 |
_a791.436 _bM14cc |
| 100 | 1 |
_aMayolo, Carlos _d1945-2007 |
|
| 245 | 1 | 0 |
_aCarne de tu carne _cdirección Carlos Mayolo _hvideograbación |
| 250 | _a1a. edición | ||
| 300 |
_a1 videocasete en VHS (86 minutos) _bsonido, color _c20 cm |
||
| 490 |
_aLa maleta _ppelículas colombianas |
||
| 500 | _aLa película pertenece a la colección La Maleta. Dirigida para un público adulto | ||
| 650 | 1 | 4 |
_2LEMB _aPelículas cinematográficas colombianas _vVideocasetes |
| 650 | 1 | 4 |
_2LEMB _aDrama en la literatura _vVideocasetes |
| 650 | 1 | 4 |
_2LEMB _aTerror en la literatura _vVideocasetes |
| 700 | 1 |
_aMayolo, Carlos _d1945-2007 _968622 |
|
| 942 |
_2ddc _cVIDEOCASET |
||
| 264 |
_aBogotá _bMinisterio de Cultura _c1983 |
||
| 336 |
_atexto _btxt _2rdacontent |
||
| 337 |
_asin mediación _bn _2rdamedia |
||
| 338 |
_avolumen _bnc _2rdacarrier |
||
| 040 |
_aCO-BoRNBP _bspa _erda _cCO-BoRNBP |
||
| 999 |
_c6472 _d6472 |
||